Chinese : (Record no. 13766)
[ view plain ]
| 000 -LEADER | |
|---|---|
| fixed length control field | 02624cam a2200229 i 4500 |
| 020 ## - ISBN | |
| ISBN | 9781119475446 |
| 020 ## - ISBN | |
| ISBN | 1119475449 |
| 082 ## - DEWEY DECIMAL CLASSIFICATION NUMBER | |
| Classification number | SC 495.1 Ab821 2018 |
| 100 1# - MAIN ENTRY--PERSONAL NAME | |
| Personal name | Abraham, Wendy. |
| 245 10 - TITLE STATEMENT | |
| Title | Chinese : |
| Remainder of title | for dummies |
| Statement of responsibility, etc. | by Dr. Wendy Abraham. |
| 250 ## - EDITION STATEMENT | |
| Edition statement | 3rd ed. |
| 260 ## - PUBLICATION, DISTRIBUTION, ETC. (IMPRINT) | |
| Place of publication, distribution, etc. | Hoboken, New Jersey : |
| Name of publisher, distributor, etc. | John Wiley & Sons, Inc., |
| Date of publication, distribution, etc. | c2018. |
| 300 ## - PHYSICAL DESCRIPTION | |
| Extent/Page number | xi, 380 pages : |
| Other physical details | illustrations ; |
| Dimensions | 24 cm. |
| 337 ## - MEDIA TYPE | |
| Media type term | unmediated |
| Media type code | n |
| 490 1# - SERIES STATEMENT | |
| Series statement | --For dummies |
| 505 0# - FORMATTED CONTENTS NOTE | |
| Formatted Contents Note | Part 1: Getting started with Chinese. Chinese in a nutshell: the spoken word ; The written word: checking out Chinese characters ; Warming up with the basics: Chinese grammar ; Getting started with basic expressions: nĭ hăo! ; Getting your numbers, times, and measurements straight ; Speaking Chinese at home. -- Part 2: Chinese in action. Getting to know you: making small talk ; Dining out and shopping for food ; Shopping made easy ; Exploring the town ; Taking care of telecommunications ; Chinese at school and work ; Recreation and outdoor activities. -- Part 3: Chinese on the go. Planning a trip ; Making cents of money ; Getting around ; Asking for directions ; Finding a place to stay ; Handling emergencies. -- Part 4: The part of tens. Ten ways to learn Chinese quickly ; Ten things never to do in China. |
| 520 ## - SUMMARY, ETC. | |
| Summary, etc. | "The fun way to learn to speak Chinese. With more than 1.2 billion speakers across the globe and with nearly 3 million in the U.S. alone, Mandarin Chinese claims the top spot as the world's most common language. If you want to learn this language to get ahead at school or work, or to make your travel to China easier, this is the handy reference you'll want by your side. Chinese For Dummies teaches basic grammar, as well as the necessary vocabulary to make introductions and greetings, use proper etiquette, make small talk, make transportation arrangements, order food and beverages, ask directions, deal with money, shop, access recreation, and handle an emergency. Concentrates on Mandarin Chinese and features new and revised content. Includes major updates to all the necessary foundational information needed to speak Chinese. Covers grammar, verb conjugations, and pronunciations. Offers a refreshed mini-dictionary complete with even more vocabulary. Find free conversational audio tracks online. As the Chinese economy continues to grow, the importance of Chinese as a trade language will also increase."-- |
| Assigning source | Provided by publisher |
| 526 ## - STUDY PROGRAM INFORMATION NOTE | |
| PROGRAM TYPE | Language (English, grammar and dictionaries) |
| 650 #0 - SUBJECT ADDED ENTRY--TOPICAL TERM | |
| Topical term or geographic name as entry element | Chinese language--Textbooks for foreign speakers--English. |
| 650 #0 - SUBJECT ADDED ENTRY--TOPICAL TERM | |
| Topical term or geographic name as entry element | Chinese language--Self-instruction. |
| 942 ## - ADDED ENTRY ELEMENTS | |
| Classification | |
| Item type | Book |
| Withdrawn status | Lost status | Source of classification or shelving scheme | Damaged status | Not for loan | Collection code | Permanent Location | Current Location | Shelving location | Date acquired | Source of acquisition | Cost, normal purchase price | Inventory number | Total Checkouts | Full call number | Barcode | Date last seen | Date last checked out | Copy number | Cost, replacement price | Price effective from | Item type |
|---|---|---|---|---|---|---|---|---|---|---|---|---|---|---|---|---|---|---|---|---|---|
| Special Collection | High School Library | High School Library | 2025-10-15 | Library Budget | 1797.00 | 8259 | 1 | SC 495.1 Ab821 2018 | HS8259 | 2026-02-04 | 2026-02-04 | 1 | 3794.00 | 2025-10-15 | Book |